Rights of light (Record no. 121861)

MARC details
000 -LEADER
fixed length control field 02042cad a22002775a 4500
008 - FIXED-LENGTH DATA ELEMENTS--GENERAL INFORMATION
fixed length control field 240319t2024 xxka f 000 0 eng d
020 ## - INTERNATIONAL STANDARD BOOK NUMBER
International Standard Book Number 9781783215140
035 ## - SYSTEM CONTROL NUMBER
System control number (Sirsi) u159242
041 0# - LANGUAGE CODE
Language code of text/sound track or separate title eng
050 04 - LIBRARY OF CONGRESS CALL NUMBER
Classification number 346.410435 $2 18
110 2# - MAIN ENTRY--CORPORATE NAME
Corporate name or jurisdiction name as entry element Royal Institution of Chartered Surveyors
9 (RLIN) 4900
245 00 - TITLE STATEMENT
Title Rights of light
Medium [electronic resource]
250 ## - EDITION STATEMENT
Edition statement 3rd edition
260 ## - PUBLICATION, DISTRIBUTION, ETC.
Place of publication, distribution, etc. London,
Name of publisher, distributor, etc. RICS,
Date of publication, distribution, etc. March 2024
300 ## - PHYSICAL DESCRIPTION
Extent 63p.
490 #0 - SERIES STATEMENT
Series statement RICS Professional Standard
520 ## - SUMMARY, ETC.
Summary, etc. The 3rd edition of the Rights of light professional standard builds upon the established framework of the 2nd edition. Its primary objectives are to:<br/><br/>Provide clients with accurate and easily understandable information.<br/>Ensure that facts are presented clearly in case of disputes, aiding all parties and their legal advisors.<br/>Safeguard the interests of owners, investors, insurance providers, and other stakeholders who rely on a chartered surveyor's report or evaluation of Rights of Light. This includes assessing development viability or evaluating the potential negative impacts of proposed developments by others.<br/>Key features of the third edition include updated case law examples, a revised legal RoL protocol, comprehensive coverage of geospatial/measured surveys, insights into insurance and compensation, and guidance on the RoL RICS membership route. Effective from 1st June 2024
520 ## - SUMMARY, ETC.
Summary, etc. Other related documents: <br/>Rights of Light APC specialist pathway; <br/>Checklist of documents relevant to a right of light dispute; <br/>A model RoL mediation agreement; <br/>A RoL insurance checklist<br/>
520 ## - SUMMARY, ETC.
Summary, etc. Supersedes 2nd edition from 1st June 2024 (ISBN 9781783211371).
590 ## - LOCAL NOTE (RLIN)
Local note KA
651 #4 - SUBJECT ADDED ENTRY--GEOGRAPHIC NAME
Geographic name England and Wales
690 ## - LOCAL SUBJECT ADDED ENTRY--TOPICAL TERM (OCLC, RLIN)
Topical term or geographic name as entry element PROPERTY-PROPERTY MANAGEMENT-EASEMENTS-RIGHTS TO LIGHT DETERMINATION-RIGHTS TO LIGHT
690 ## - LOCAL SUBJECT ADDED ENTRY--TOPICAL TERM (OCLC, RLIN)
Topical term or geographic name as entry element Rights of light
9 (RLIN) 6267
856 41 - ELECTRONIC LOCATION AND ACCESS
Uniform Resource Identifier <a href="https://www.rics.org/content/dam/ricsglobal/documents/standards/rights-of-light-3rd-ed-ps-march-2024.pdf">https://www.rics.org/content/dam/ricsglobal/documents/standards/rights-of-light-3rd-ed-ps-march-2024.pdf</a>
Public note Available on RICS.org
942 ## - ADDED ENTRY ELEMENTS (KOHA)
Suppress in OPAC 0
Source of classification or shelving scheme Dewey Decimal Classification
Holdings
Withdrawn status Lost status Damaged status Not for loan Home library Current library Shelving location Date acquired Total Checkouts Full call number Date last seen Price effective from Koha item type
        London Virtual Online 19/03/2024   ONLINE PUBLICATION 19/03/2024 19/03/2024 Online material